| 000 | 00615cam a22002173a 4500 | ||
|---|---|---|---|
| 001 | 44288 | ||
| 003 | PGUSA | ||
| 005 | 20140828084018.0 | ||
| 008 | 131126s2013||||xxu|||||s|||||000 | eng d | ||
| 040 |
_aPGUSA _beng |
||
| 042 | _adc | ||
| 100 | 1 |
_aPerrault, Charles, _d1628-1703 |
|
| 245 | 1 | 4 |
_aThe Story of Blue-Beard _h[electronic resource] / _cCharles Perrault |
| 260 |
_bProject Gutenberg, _c2013 |
||
| 506 | _aPublic domain in the USA. | ||
| 516 | _aElectronic text | ||
| 700 | 1 | _aSouthall, Joseph E. | |
| 830 | 0 |
_aProject Gutenberg _v44288 |
|
| 856 | 4 | 0 | _uhttp://www.gutenberg.org/ebooks/44288 |
| 942 | _cEB | ||
| 999 |
_c273539 _d273539 |
||